| 000 | 00379nam a2200145Ia 4500 | ||
|---|---|---|---|
| 008 | 230917s9999||||xx |||||||||||||| ||und|| | ||
| 040 |
_e140736 _aMAIN |
||
| 041 | _aEnglish | ||
| 082 | _a954.02 S16M | ||
| 100 | _aSubrahmanyam, Sanjay | ||
| 245 | 0 | _aMoney and the market in India 1100-1700 | |
| 260 |
_aDelhi _bOxford University Press _c1994 |
||
| 300 | _a316p. p. | ||
| 942 | _cBK | ||
| 999 |
_c84185 _d84185 |
||